| 000 | 00975aab a2200193 i 4500 | ||
|---|---|---|---|
| 001 | 768714001 | ||
| 003 | CO-MdFUSB | ||
| 005 | 20240403081630.0 | ||
| 008 | 240403t1989 ag ||||| |||| 00| 0 spa d | ||
| 040 |
_bspa _cCO-MdFUSB |
||
| 041 | _aspa | ||
| 100 | 1 |
_aNúñez, Emilio A. _eautor |
|
| 245 | 1 | 0 |
_aCrecimiento numérico versus crecimiento integral _c/ Emilio A. Núñez |
| 300 |
_aVolumen 8, número 1 (marzo, 1989), páginas: 20 - 25 _c; 27 cm |
||
| 520 | _aDe esto se trata cuando hablamos de iglecrecimiento integral: cuantitativo y cualitativo, para el alma y para el cuerpo, para las necesidades espirituales y materiales, para el presente y la eternidad. Es necesario preguntarnos si hemos sido llamados a predicar y hacer lo que le gusta a la gente, o a comunicar fielmente la palabra del evangelio. | ||
| 653 | _aIglecrecimiento | ||
| 773 | 0 |
_tIglesia y Misión _049402 _959672 _gVolumen 8, número 1 (marzo, 1989), páginas: 20 - 25 _qpáginas: 20 |
|
| 942 | _cANA | ||
| 999 |
_c51794 _d51794 |
||